NRL Top 4: 1998-2025 - Statistics

General Stats
  • This quiz has been taken 36 times
  • The average score is 100 of 112
Answer Stats
Year Pos. Team % Correct
1 | 2 | 3 | 4 Broncos
100%
3 | 4 Cowboys
94%
2009 | 2010 1 | 2 Dragons
94%
1 | 2 | 4 Panthers
94%
2025 1 | 2 | 4 Raiders
94%
1 | 2 | 3 | 4 Sharks
94%
1 | 2 | 3 | 4 Storm
94%
1 | 4 Storm*
94%
1 | 4 Warriors
94%
1 | 2 | 3 Bulldogs
88%
2 | 3 Rabbitohs
88%
2 | 4 Sea Eagles
88%
3 | 4 Titans
88%
1 | 2 | 3 | 4 Eels
82%
2 | 3 | 4 Knights
76%
1 | 2 | 3 | 4 Roosters
76%
3 | 4 Tigers
76%
No matching quizzes found
Score Distribution
Percent of People with Each Score
Percentile by Number Answered
Your Score History
You have not taken this quiz